[Event "Agartala Dutta Memorial 3rd"]
[Site "Agartala"]
[Date "2023.11.03"]
[Round "5"]
[White "Soumick, Bandopadhyay"]
[Black "Shakya, Singha Modak"]
[Result "1/2-1/2"]
[WhiteElo "1658"]
[BlackElo "1274"]
[PlyCount "132"]
[EventDate "2023.11.01"]
[EventType "swiss"]
[EventRounds "10"]
[EventCountry "IND"]
[SourceTitle "CB46_2023"]
[SourceDate "2023.11.15"]
[SourceVersion "1"]
[SourceVersionDate "2023.11.15"]
[SourceQuality "1"]

1. d4 Nf6 2. Nf3 e6 3. c4 d5 4. g3 Be7 5. Bg2 0-0 6. 0-0 dxc4 7. Qc2 a6 8. a4 Nbd7 9. Qxc4 b5 10. Qc2 Bb7 11. Nbd2 c5 12. Rd1 cxd4 13. Nxd4 Bxg2 14. Kxg2 Qb6 15. N2f3 Rac8 16. Qb1 bxa4 17. Rxa4 Nc5 18. Ra1 Nce4 19. e3 Qb7 20. Kg1 Rfd8 21. Rf1 Bc5 22. Qa2 a5 23. Qb3 Bb4 24. Ne5 Nc5 25. Qa2 Qe4 26. Ndf3 Rd5 27. Qc4 Qxc4 28. Nxc4 Nb3 29. Nb6 Nxa1 30. Nxc8 Nb3 31. Nd4 Nxd4 32. exd4 Rxd4 33. Be3 Rd8 34. Nb6 Nd5 35. Rd1 Kf8 36. Nc4 Ke7 37. Bd2 Rc8 38. Nxa5 Bxa5 39. Bxa5 Rb8 40. Bc3 Nxc3 41. bxc3 Rc8 42. Rd3 e5 43. Kg2 f5 44. Kf1 Ke6 45. Ke2 g5 46. f3 Ra8 47. Rd2 Ra3 48. Kd3 Kd5 49. Rb2 e4+ 50. fxe4+ fxe4+ 51. Kd2 Kc4 52. Rb4+ Kd5 53. Rb5+ Kc4 54. Rb4+ Kd5 55. Rb5+ Kc4 56. Rxg5 Ra2+ 57. Ke3 Rxh2 58. Kxe4 Kxc3 59. Rd5 Kc4 60. Rd7 Kc5 61. Kf4 h5 62. Kg5 Rh3 63. Kf4 Kc6 64. Rd2 Kc7 65. Rd4 Kc6 66. Kf3 h4 1/2-1/2